000 01197nam a22003497a 4500
003 CHAP
005 20220329133148.0
008 971013s1990 r 00010 d
010 _a2864
011 _a3836
035 _a3037
040 _cCHAP
090 _aTesis
100 0 0 _aLeal Ochoa, Federico.
_965311
245 _aEfecto de distintos niveles de proteína (16,18,20,22,24) en la alimentación de codornices (Coturnix coturnix japonica) en la etapa de engorda
260 _aMarín, N. L. :
_bEl autor,
_c1990
300 _a25 h
500 _aD47-156
502 _aTesis (Ing. Agr. Zootecnista) -- UANL. Fac. de Agronomía
590 _aALEPH
_b10
_c20130110
_lUCH01
_h1214
590 _aBATCH-UPD
_b10
_c20130110
_lUCH01
_h0002
590 _aBATCH-UPD
_b10
_c20130110
_lUCH01
_h1708
590 _aBATCH-UPD
_b10
_c20130409
_lUCH01
_h1937
590 _aBATCH-UPD
_b10
_c20130914
_lUCH01
_h0956
590 _aCONVERSION
_b10
_c20130109
_lUCH01
_h1303
650 1 4 _aCodorniz
_xAlimentación.
_924301
650 1 4 _aCodorniz
_xEngorda.
_924306
650 1 4 _aProteínas en nutrición de aves de corral.
_992455
901 _aBK
942 _cTESIS
949 _bBC
_cTES
_d-12545
_eTS1
_h24684
_i3037
_si
999 _c2864
_d2864